Analýza kvality pracovného prostredia na základe prípadovej štúdie bakalárska práca

Gespeichert in:
Bibliographische Detailangaben
1. Verfasser: Cáriková, Marianna
Körperschaft: Podnikovohospodárska fakulta EU so sídlom v Košiciach. Katedra manažmentu
Weitere Verfasser: Pudło, Patrycja
Format: Buch
Sprache:Slowakisch
Veröffentlicht: Košice 2010
Tags: Tag hinzufügen
Keine Tags, Fügen Sie das erste Tag hinzu!

MARC

LEADER 00000nbm a2200000 4500
001 0132688
005 20161109111436.6
041 0 |a slo 
044 |a SK 
245 1 0 |a Analýza kvality pracovného prostredia na základe prípadovej štúdie  |b bakalárska práca  |c Marianna Cáriková ; školiteľ: Patrycja Pudło 
264 1 |a Košice  |c 2010 
300 |a 51 s. 
100 1 |a Cáriková, Marianna 
700 1 |a Pudło, Patrycja 
710 2 |a Podnikovohospodárska fakulta EU so sídlom v Košiciach. Katedra manažmentu